000 01255nam a2200337 a 4500
003 CHAP
005 20230626183015.0
007 ta
008 230626s1994 mx abdofr|||| 001 0 spa d
020 _a968-884-280-x
040 _amxchpua
_cCHAP
_erda
050 1 0 _aS451.7
_b.P76 1994
082 0 0 _a630.972
_bP76 1994
_220
245 1 3 _aLa producción agropecuaria de la región Valle del Tepalcatepec, Mich. /
_cJorge Andrés Agustín...[y otros] ; editor Rogelio Medina Gómez
250 _a1a edición
264 _aMéxico :
_bUACh,
_c1994
300 _a652 páginas :
_bIlustraciones, gráficas, tablas, mapas, fotos
336 _2rdacontent
_atexto
_btxt
337 _2rdamedia
_asin medio
_bn
338 _2rdacarrier
_avolumen
_bnc
504 _aBibliografía: páginas 647-652
650 1 3 _91172
_aAgricultura
_zMéxico
650 1 3 _9144667
_aIndustria agropecuaria
_zMéxico
650 1 3 _9185423
_aIndustria agropecuaria y economía de la empresa
_zMéxico
650 1 3 _9151252
_aAgriculture
_zMexico
650 1 3 _9187385
_aAgribusiness
_zMexico
650 1 3 _9185424
_aAgribusiness and business economics
_zMexico
700 1 _95718
_aAndrés Agustín, Jorge
_eautor
700 1 _9130723
_aMedina Gómez, Rogelio
_eeditor
942 _2ddc
_cLibro
999 _c218985
_d218985